[Event "ISR-chT"]
[Site "Israel"]
[Date "2022.03.05"]
[Round "10.6"]
[White "Arlinsky, Uriel"]
[Black "Bykhovsky, Avigdor"]
[Result "0-1"]
[WhiteElo "2320"]
[BlackElo "2390"]
[PlyCount "58"]
[EventDate "2022.01.14"]
[EventType "team-tourn"]
[EventRounds "11"]
[EventCountry "ISR"]
[SourceTitle "EXT 2023"]
[Source "ChessBase"]
[SourceDate "2022.10.05"]
[SourceVersion "1"]
[SourceVersionDate "2022.10.05"]
[SourceQuality "1"]
[WhiteTeam "Petah Tikva"]
[BlackTeam "Herzliya"]
[WhiteTeamCountry "ISR"]
[BlackTeamCountry "ISR"]

1. Nf3 d5 2. c4 e6 3. g3 Nf6 4. Bg2 c5 5. 0-0 Nc6 6. d4 cxd4 7. cxd5 exd5 8. Nxd4 Be7 9. Nc3 0-0 10. h3 Be6 11. a3 Rc8 12. Be3 a6 13. Rc1 Na5 14. Rc2 Nc4 15. Bc1 Bc5 16. e3 b5 17. Nce2 Qb6 18. Nf4 Rfe8 19. g4 h6 20. Kh1 Qd6 21. Rg1 Ba7 22. Bf1 Ne5 23. Re2 Bxd4 24. exd4 Nf3 25. Rg3 Nxd4 26. Re1 Rxc1 27. Qxc1 Ne4 28. Rg2 Rc8 29. Qd1 Qxf4 0-1

[Event "ISR-chT"]
[Site "Israel"]
[Date "2021.05.08"]
[Round "6.4"]
[White "Arlinsky, Uriel"]
[Black "Blokh, Dmitry"]
[Result "1-0"]
[WhiteElo "2317"]
[BlackElo "2259"]
[PlyCount "77"]
[EventDate "2021.04.22"]
[EventType "team-tourn"]
[EventRounds "11"]
[EventCountry "ISR"]
[SourceTitle "EXT 2022"]
[Source "ChessBase"]
[SourceDate "2021.10.06"]
[SourceVersion "1"]
[SourceVersionDate "2021.10.06"]
[SourceQuality "1"]
[WhiteTeam "Petah Tikva Nearim"]
[BlackTeam "Rishon Le Zion Fridman"]
[WhiteTeamCountry "ISR"]
[BlackTeamCountry "ISR"]

1. c4 e6 2. Nf3 Nf6 3. Nc3 Bb4 4. Qc2 0-0 5. a3 Bxc3 6. Qxc3 b6 7. e3 Bb7 8. Be2 d6 9. 0-0 Nbd7 10. b4 c5 11. Bb2 Rc8 12. b5 Qc7 13. d3 Rfd8 14. a4 a5 15. bxa6 Bxa6 16. Nd2 Ne5 17. a5 b5 18. f4 Nc6 19. Ne4 Ne8 20. f5 bxc4 21. fxe6 f6 22. Bh5 Ne5 23. d4 Ng6 24. Ng5 Rb8 25. Bxg6 hxg6 26. Nf7 Rdc8 27. Rf2 Qb7 28. Qc2 f5 29. Bc3 Qd5 30. Ng5 cxd4 31. exd4 Nc7 32. Re1 Re8 33. e7 Rb3 34. Qd2 Qc6 35. Qf4 Nd5 36. Qh4 Nf6 37. d5 Qxd5 38. Bxf6 Qxa5 39. Re3 1-0

[Event "ISR-chT"]
[Site "Israel"]
[Date "2020.09.11"]
[Round "11.6"]
[White "Arlinsky, Uriel"]
[Black "Huzman, Alexander"]
[Result "0-1"]
[WhiteElo "2312"]
[BlackElo "2567"]
[PlyCount "122"]
[EventDate "2020.01.10"]
[EventType "team-tourn"]
[EventRounds "11"]
[EventCountry "ISR"]
[SourceTitle "EXT 2021"]
[Source "ChessBase"]
[SourceDate "2020.10.23"]
[SourceVersion "1"]
[SourceVersionDate "2020.10.23"]
[SourceQuality "1"]
[WhiteTeam "Petah Tikva Elitzur Maarav"]
[BlackTeam "Beer Sheva Eliyahu Levant"]
[WhiteTeamCountry "ISR"]
[BlackTeamCountry "ISR"]

1. c4 e6 2. g3 d5 3. Bg2 dxc4 4. Qa4+ c6 5. Qxc4 b5 6. Qc2 Bb7 7. Nf3 Nd7 8. 0-0 Ngf6 9. b3 Be7 10. Bb2 0-0 11. Nc3 Qb6 12. Rac1 c5 13. d3 Rfd8 14. Qb1 Rac8 15. Qa1 Bf8 16. Nd1 Nd5 17. Kh1 h6 18. Ng1 Nb8 19. f4 Ne7 20. Nf3 Nbc6 21. Nh4 Nd4 22. e4 Nec6 23. Nf2 Be7 24. Qb1 Rd7 25. Rce1 Qd8 26. Nf3 Nxf3 27. Bxf3 Nd4 28. Bg2 f5 29. Nd1 Qf8 30. Ne3 Rcd8 31. g4 g6 32. Bc3 Kh7 33. Ba5 Rc8 34. Bc3 Qf7 35. Rd1 Bf8 36. Qb2 Bg7 37. gxf5 exf5 38. Qf2 Rf8 39. e5 Bxg2+ 40. Nxg2 Ne6 41. Qf3 Rc8 42. Ne3 Rcd8 43. Ba5 Rc8 44. Bc3 Bf8 45. Rd2 Be7 46. Rfd1 Rcd8 47. Ba5 Rf8 48. Bc3 g5 49. fxg5 Bxg5 50. d4 cxd4 51. Bxd4 Nxd4 52. Rxd4 Rxd4 53. Rxd4 Bxe3 54. Qxe3 Qb7+ 55. Kg1 Rg8+ 56. Kf1 Qh1+ 57. Ke2 Qxh2+ 58. Kf1 Rg7 59. Rd6 b4 60. Rf6 Rc7 61. Ke1 Qh1+ 0-1

[Event "Petah Tikva Winter IM-B"]
[Site "Petah Tikva"]
[Date "2020.02.04"]
[Round "3"]
[White "Arlinsky, Uriel"]
[Black "Tzidkiya, Yeshaayahu"]
[Result "1/2-1/2"]
[WhiteElo "2311"]
[BlackElo "2279"]
[PlyCount "82"]
[EventDate "2020.01.26"]
[EventType "tourn"]
[EventRounds "9"]
[EventCountry "ISR"]
[EventCategory "3"]
[SourceTitle "CBM 195 Extra"]
[Source "ChessBase"]
[SourceDate "2020.05.31"]
[SourceVersion "1"]
[SourceVersionDate "2020.05.31"]
[SourceQuality "1"]

1. g3 Nf6 2. Bg2 g6 3. b4 Bg7 4. Bb2 0-0 5. Nf3 d6 6. d3 e5 7. 0-0 Nbd7 8. c4 Re8 9. e4 a5 10. a3 c6 11. Nbd2 Nf8 12. Qc2 Ne6 13. d4 exd4 14. Nxd4 axb4 15. axb4 Rxa1 16. Bxa1 Qb6 17. Nxe6 Bxe6 18. Bc3 Nd7 19. Bxg7 Kxg7 20. Qc3+ Kg8 21. Ra1 Rc8 22. h3 Qd8 23. Ra7 Ra8 24. Rxa8 Qxa8 25. Nf1 Qa2 26. Ne3 Ne5 27. c5 Qb1+ 28. Kh2 Nd3 29. cxd6 Nxf2 30. Nc2 Bxh3 31. Qd2 Bxg2 32. Kxg2 Nxe4 33. d7 Nxd2 34. d8Q+ Kg7 35. Qxd2 Qb2 36. Qd3 h5 37. Qe4 Qc3 38. Nd4 Qd2+ 39. Ne2 Qb2 40. Kf3 Qb3+ 41. Kg2 Qb2 1/2-1/2

[Event "Petah Tikva Winter IM-B"]
[Site "Petah Tikva"]
[Date "2020.02.02"]
[Round "2"]
[White "Libman, Guy"]
[Black "Arlinsky, Uriel"]
[Result "0-1"]
[WhiteElo "2266"]
[BlackElo "2311"]
[PlyCount "88"]
[EventDate "2020.01.26"]
[EventType "tourn"]
[EventRounds "9"]
[EventCountry "ISR"]
[EventCategory "3"]
[SourceTitle "CBM 195 Extra"]
[Source "ChessBase"]
[SourceDate "2020.05.31"]
[SourceVersion "1"]
[SourceVersionDate "2020.05.31"]
[SourceQuality "1"]

1. d4 Nf6 2. Nf3 b6 3. Bf4 Bb7 4. h3 g6 5. e3 Bg7 6. Be2 c5 7. 0-0 0-0 8. Bh2 d6 9. c3 Nbd7 10. Nbd2 Rc8 11. a4 Rb8 12. Qc2 Qc7 13. Rfc1 Qc6 14. Qb3 Ne4 15. Nxe4 Qxe4 16. Qc2 Qe6 17. Qd1 Bh6 18. Bg3 Nf6 19. Nd2 cxd4 20. cxd4 Nd5 21. Nf1 a6 22. Bf3 Nb4 23. Bxb7 Rxb7 24. Ra3 a5 25. Nd2 f5 26. f4 Bg7 27. Nf3 h6 28. Qb3 Kf7 29. Be1 Nd5 30. Bd2 Ra8 31. Kf2 Rab8 32. Qb5 Bf6 33. h4 Rc7 34. Rxc7 Nxc7 35. Qb3 Nd5 36. Bxa5 Qxe3+ 37. Qxe3 Nxe3 38. Kxe3 bxa5 39. b3 Rb4 40. Nd2 Bxd4+ 41. Kd3 Bc5 42. Ra2 Rxf4 43. Nc4 Bb4 44. Ne3 Rxh4 0-1

[Event "Petah Tikva Winter IM-B"]
[Site "Petah Tikva"]
[Date "2020.01.26"]
[Round "1"]
[White "Arlinsky, Uriel"]
[Black "Chernomordik, Pavel"]
[Result "1-0"]
[WhiteElo "2311"]
[BlackElo "2218"]
[PlyCount "93"]
[EventDate "2020.01.26"]
[EventType "tourn"]
[EventRounds "9"]
[EventCountry "ISR"]
[EventCategory "3"]
[SourceTitle "CBM 195 Extra"]
[Source "ChessBase"]
[SourceDate "2020.05.31"]
[SourceVersion "1"]
[SourceVersionDate "2020.05.31"]
[SourceQuality "1"]

1. e4 g6 2. d4 Bg7 3. Nc3 d6 4. f4 e6 5. Nf3 Ne7 6. Bd3 b6 7. 0-0 0-0 8. Ne2 c5 9. c3 d5 10. e5 Ba6 11. g4 Qc8 12. Be3 Bxd3 13. Qxd3 Nd7 14. Rac1 a5 15. Ng3 f5 16. exf6 Nxf6 17. h3 Ne8 18. Ne5 Nd6 19. Rc2 Bf6 20. Nf3 Qc6 21. Ne5 Qc7 22. Rh2 Bh4 23. Rg2 Bxg3 24. Rxg3 Ne4 25. Rgf3 Rac8 26. Qe2 Rf6 27. Nd3 Rcf8 28. Qg2 R6f7 29. Kh1 Rf6 30. Qg1 Ng5 31. Rg3 Ne4 32. Rg2 g5 33. dxc5 gxf4 34. cxb6 Qb8 35. g5 Rf5 36. Bc5 Qb7 37. Rf3 Nxc5 38. Nxc5 Qxb6 39. Re2 e5 40. Nd7 Qb5 41. Nf6+ Kh8 42. Rg2 e4 43. Rff2 Ng6 44. h4 f3 45. Rg3 Ne5 46. Rh2 Nd3 47. Qa7 1-0

[Event "ISR-chT"]
[Site "Israel"]
[Date "2019.04.05"]
[Round "11.5"]
[White "Arlinsky, Uriel"]
[Black "Kantsler, Boris"]
[Result "0-1"]
[WhiteElo "2336"]
[BlackElo "2398"]
[PlyCount "66"]
[EventDate "2019.01.04"]
[EventType "team-tourn"]
[EventRounds "11"]
[EventCountry "ISR"]
[SourceTitle "CBM 189 Extra"]
[Source "ChessBase"]
[SourceDate "2019.06.03"]
[SourceVersion "1"]
[SourceVersionDate "2019.06.03"]
[SourceQuality "1"]
[WhiteTeam "Petah Tikva Elitzur Dov"]
[BlackTeam "Ashdod Elite"]
[WhiteTeamCountry "ISR"]
[BlackTeamCountry "ISR"]

1. g3 g6 2. Bg2 Bg7 3. Nc3 Nf6 4. e4 d6 5. d3 e5 6. Nge2 Nc6 7. h3 Be6 8. g4 h5 9. g5 Nh7 10. h4 f6 11. Nd5 fxg5 12. hxg5 0-0 13. Ng3 Bg4 14. f3 Be6 15. c3 Ne7 16. Nf6+ Nxf6 17. gxf6 Bxf6 18. Bh6 Rf7 19. Qd2 Rh7 20. 0-0-0 h4 21. Ne2 Nc6 22. Be3 h3 23. Bf1 Qd7 24. d4 Bxa2 25. Qc2 Na5 26. b4 Bb3 27. Qb1 Qa4 28. bxa5 Bxd1 29. Kd2 Bxe2 30. Kxe2 exd4 31. cxd4 Bxd4 32. Qxb7 Qa2+ 33. Kd3 Qa3+ 0-1

[Event "Jerusalem Japhet Memorial op 3rd"]
[Site "Jerusalem"]
[Date "2016.07.11"]
[Round "3"]
[White "Globus, Or"]
[Black "Arlinsky, Uriel"]
[Result "0-1"]
[WhiteElo "2063"]
[BlackElo "2281"]
[PlyCount "40"]
[EventDate "2016.07.10"]
[EventType "swiss"]
[EventRounds "7"]
[EventCountry "ISR"]
[SourceTitle "CBM 173 Extra"]
[Source "ChessBase"]
[SourceDate "2016.08.29"]
[SourceVersion "1"]
[SourceVersionDate "2016.08.29"]
[SourceQuality "1"]

1. d4 Nf6 2. c4 Nc6 3. Nf3 e6 4. Bf4 Bb4+ 5. Nbd2 d6 6. a3 Bxd2+ 7. Qxd2 0-0 8. e3 Qe7 9. d5 exd5 10. cxd5 Ne5 11. Be2 Bg4 12. 0-0 Nxf3+ 13. Bxf3 Bxf3 14. gxf3 Nh5 15. Rac1 f5 16. Rc4 Qh4 17. Rfc1 Nxf4 18. Rxf4 Qh3 19. Qe2 Rf7 20. Rcc4 Rf6 0-1

[Event "Jerusalem Japhet Memorial op 3rd"]
[Site "Jerusalem"]
[Date "2016.07.10"]
[Round "1"]
[White "Yaniv, Yuval"]
[Black "Arlinsky, Uriel"]
[Result "0-1"]
[WhiteElo "1879"]
[BlackElo "2281"]
[PlyCount "66"]
[EventDate "2016.07.10"]
[EventType "swiss"]
[EventRounds "7"]
[EventCountry "ISR"]
[SourceTitle "CBM 173 Extra"]
[Source "ChessBase"]
[SourceDate "2016.08.29"]
[SourceVersion "1"]
[SourceVersionDate "2016.08.29"]
[SourceQuality "1"]

1. e4 Nc6 2. Nf3 d6 3. Bc4 Nf6 4. Nc3 Bg4 5. d3 e6 6. Bb3 Nd4 7. Be3 Nxf3+ 8. gxf3 Bh5 9. Rg1 g6 10. Qd2 Bxf3 11. Nb5 Bg7 12. Nd4 Bh5 13. Bh6 Bxh6 14. Qxh6 Qe7 15. Ba4+ Kd8 16. Bc6 Kc8 17. Qd2 e5 18. Bxb7+ Kxb7 19. Qb4+ Kc8 20. Nc6 Qe6 21. a4 d5 22. Qc3 d4 23. Qc5 Qd6 24. Qc4 Kd7 25. Qb5 Qxc6 26. Qxe5 Qd6 27. Qb5+ c6 28. Qc4 Ke7 29. Rg5 Nd7 30. Kf1 Ne5 31. Qa2 h6 32. Rg3 g5 33. Rd1 Ke8 0-1

[Event "ISR-chT"]
[Site "Israel"]
[Date "2015.05.01"]
[Round "11.4"]
[White "Kaplan, Sasha"]
[Black "Arlinsky, Uriel"]
[Result "1/2-1/2"]
[WhiteElo "2407"]
[BlackElo "2333"]
[PlyCount "133"]
[EventDate "2015.01.09"]
[EventType "team-tourn"]
[EventRounds "11"]
[EventCountry "ISR"]
[SourceTitle "EXT 2016"]
[Source "ChessBase"]
[SourceDate "2015.10.08"]
[SourceVersion "1"]
[SourceVersionDate "2015.10.08"]
[SourceQuality "1"]
[WhiteTeam "Kfar Saba Hapoel"]
[BlackTeam "Petah Tikva Elitzur Dov"]
[WhiteTeamCountry "ISR"]
[BlackTeamCountry "ISR"]

1. Nf3 d5 2. g3 Nc6 3. d4 Bf5 4. Bg2 Qd7 5. 0-0 Bh3 6. c4 Bxg2 7. Kxg2 e6 8. Nc3 Nf6 9. Ne5 Nxe5 10. dxe5 d4 11. Nb5 Qc6+ 12. Kg1 Qxc4 13. exf6 Qxb5 14. Qxd4 gxf6 15. Qxf6 Rg8 16. Bf4 Rg6 17. Qc3 Bg7 18. Qxc7 e5 19. a4 Qa6 20. Bd2 Rc6 21. Qa5 Qxa5 22. Bxa5 e4 23. Rfd1 Bxb2 24. Rab1 Rc2 25. Rd2 Rc1+ 26. Rxc1 Bxc1 27. Rc2 Bh6 28. e3 b6 29. Bb4 Kd7 30. Rd2+ Kc7 31. Rd5 a5 32. Bc3 Re8 33. Rf5 Re7 34. Rh5 Re6 35. Bd4 Kd7 36. Rf5 f6 37. Bxf6 Bf8 38. Bd4 Be7 39. Kg2 Kc6 40. Rb5 Bc5 41. Bxc5 bxc5 42. Rxa5 Re7 43. f3 c4 44. fxe4 c3 45. Rf5 Rxe4 46. Rf1 Rxe3 47. Kf2 Rd3 48. Ke2 Rd2+ 49. Ke3 Kc5 50. a5 Rd7 51. Rf8 Kc4 52. Rc8+ Kb3 53. g4 c2 54. h4 Kb2 55. g5 c1Q+ 56. Rxc1 Kxc1 57. Ke4 Ra7 58. Kf5 Rxa5+ 59. Kf6 Ra4 60. h5 Rh4 61. h6 Ra4 62. g6 Ra6+ 63. Kg7 Ra7+ 64. Kf6 Ra6+ 65. Kg7 Ra7+ 66. Kf6 Ra6+ 67. Kg7 1/2-1/2

[Event "ISR-chT"]
[Site "Israel"]
[Date "2015.03.20"]
[Round "7.6"]
[White "Mindlin, Alon"]
[Black "Arlinsky, Uriel"]
[Result "0-1"]
[WhiteElo "2304"]
[BlackElo "2333"]
[PlyCount "80"]
[EventDate "2015.01.09"]
[EventType "team-tourn"]
[EventRounds "11"]
[EventCountry "ISR"]
[SourceTitle "EXT 2016"]
[Source "ChessBase"]
[SourceDate "2015.10.08"]
[SourceVersion "1"]
[SourceVersionDate "2015.10.08"]
[SourceQuality "1"]
[WhiteTeam "Kfar Saba Hapoel II"]
[BlackTeam "Petah Tikva Elitzur Dov"]
[WhiteTeamCountry "ISR"]
[BlackTeamCountry "ISR"]

1. d4 Nf6 2. c4 e6 3. Nf3 d5 4. Nc3 Be7 5. Bg5 0-0 6. e3 h6 7. Bh4 b6 8. Bd3 Bb7 9. 0-0 Nbd7 10. Qe2 dxc4 11. Bxc4 a6 12. Rfd1 b5 13. Bb3 c5 14. dxc5 Qe8 15. a3 Nxc5 16. Ba2 Nfe4 17. Nxe4 Bxe4 18. Bg3 Rd8 19. Ne5 Nd7 20. Rd4 Nxe5 21. Rxe4 Ng6 22. Rc1 Bd6 23. Bb1 Bxg3 24. hxg3 Ne7 25. Qc2 g6 26. Qe2 Rd6 27. Rh4 Kg7 28. Qf3 Qd7 29. Kh2 Ng8 30. Qe4 Rd5 31. Qb4 Rd8 32. Qc3+ Nf6 33. Ba2 Rd3 34. Qa5 h5 35. f3 Rxe3 36. Rc7 Qd1 37. Rf4 Re1 38. g4 Rh1+ 39. Kg3 h4+ 40. Kf2 Rf1+ 0-1

[Event "Maccabiah IM2"]
[Site "Jerusalem"]
[Date "2013.07.25"]
[Round "6"]
[White "Arlinsky, Uriel"]
[Black "Shvayger, Yuliya"]
[Result "1/2-1/2"]
[WhiteElo "2321"]
[BlackElo "2265"]
[PlyCount "114"]
[EventDate "2013.07.21"]
[EventType "tourn"]
[EventRounds "9"]
[EventCountry "ISR"]
[EventCategory "3"]
[SourceTitle "CBM 155 Extra"]
[Source "ChessBase"]
[SourceDate "2013.08.26"]
[SourceVersion "1"]
[SourceVersionDate "2013.08.26"]
[SourceQuality "1"]

1. Nf3 c5 2. b3 d6 3. e3 Nf6 4. Bb2 e5 5. Bb5+ Nbd7 6. 0-0 a6 7. Bxd7+ Bxd7 8. d4 cxd4 9. exd4 e4 10. Re1 Be7 11. Nfd2 d5 12. c4 0-0 13. Nc3 Bb4 14. a3 Bxc3 15. Bxc3 Bg4 16. Qb1 Rc8 17. Qb2 Re8 18. Nf1 Be6 19. Rad1 Nh5 20. Qd2 f5 21. Ng3 Nxg3 22. hxg3 Bf7 23. c5 h5 24. Qc1 Qf6 25. Bd2 Qxd4 26. Be3 Qf6 27. Bd4 Qg6 28. Qf4 Qg4 29. Rc1 Re6 30. Kh2 Rg6 31. Rc3 h4 32. Qxg4 Rxg4 33. Rd1 Bh5 34. Rd2 Kf7 35. Rdc2 hxg3+ 36. Rxg3 f4 37. Rh3 Bg6 38. Re2 Rg5 39. Re1 Rh5 40. b4 Rxh3+ 41. gxh3 Bf5 42. Rg1 g6 43. h4 Bd7 44. Rg5 Re8 45. Rxd5 Bc6 46. Rd6 e3 47. Rf6+ Ke7 48. fxe3 fxe3 49. Rxg6 e2 50. Bc3 Rf8 51. Be1 Rf1 52. Rg1 Rf5 53. Rg5 Rxg5 54. hxg5 Ke6 55. Kg3 Kf5 56. Bd2 e1Q+ 57. Bxe1 Kxg5 1/2-1/2

[Event "Maccabiah IM2"]
[Site "Jerusalem"]
[Date "2013.07.22"]
[Round "2"]
[White "Arlinsky, Uriel"]
[Black "Gurbanov, Andrei"]
[Result "1/2-1/2"]
[WhiteElo "2321"]
[BlackElo "2270"]
[PlyCount "83"]
[EventDate "2013.07.21"]
[EventType "tourn"]
[EventRounds "9"]
[EventCountry "ISR"]
[EventCategory "3"]
[SourceTitle "CBM 155 Extra"]
[Source "ChessBase"]
[SourceDate "2013.08.26"]
[SourceVersion "1"]
[SourceVersionDate "2013.08.26"]
[SourceQuality "1"]

1. c4 e6 2. Nf3 d5 3. d4 c6 4. e3 Bd6 5. Bd3 f5 6. 0-0 Nf6 7. b3 Qe7 8. Bb2 0-0 9. Qc1 Bd7 10. Ba3 Be8 11. Bxd6 Qxd6 12. Qa3 Ne4 13. Qxd6 Nxd6 14. Nc3 Nd7 15. Rac1 Bh5 16. Ng5 Rae8 17. Nh3 Bg4 18. Nf4 g5 19. Nfe2 Bxe2 20. Bxe2 Kg7 21. Bd3 a6 22. Rfd1 h6 23. a4 Rb8 24. a5 Rbe8 25. Re1 Nf6 26. cxd5 exd5 27. Na4 Re7 28. f3 Rfe8 29. Kf2 Rf8 30. Bb1 Nd7 31. Nc3 Rfe8 32. Bd3 Nf6 33. Nb1 Nd7 34. Nd2 Nf8 35. b4 Ne6 36. Nb3 Nc7 37. g3 Ncb5 38. h3 h5 39. Nc5 Kf6 40. h4 g4 41. f4 Ra8 42. Na4 1/2-1/2

[Event "ISR-chT 13"]
[Site "Israel"]
[Date "2013.01.11"]
[Round "5.5"]
[White "Arlinsky, Uriel"]
[Black "Haimovich, Tal"]
[Result "1-0"]
[WhiteElo "2297"]
[BlackElo "2368"]
[PlyCount "67"]
[EventDate "2012.12.21"]
[EventType "team"]
[EventRounds "11"]
[EventCountry "ISR"]
[SourceTitle "EXT 2014"]
[Source "ChessBase"]
[SourceDate "2013.11.20"]
[SourceVersion "1"]
[SourceVersionDate "2013.11.20"]
[SourceQuality "1"]

1. Nf3 Nf6 2. g3 d5 3. Bg2 c6 4. 0-0 Bg4 5. d3 Nbd7 6. Qe1 e5 7. e4 dxe4 8. dxe4 Bc5 9. Nbd2 0-0 10. Nh4 Re8 11. Kh1 Nf8 12. Nc4 Qd4 13. Ne3 Bb6 14. a4 Rad8 15. a5 Bc5 16. Nhf5 Bxf5 17. Nxf5 Qc4 18. Bg5 Re6 19. c3 Qb3 20. Qe2 g6 21. Nh6+ Kg7 22. f4 Be7 23. Bh3 exf4 24. Bxe6 Nxe6 25. gxf4 Re8 26. Bxf6+ Bxf6 27. Ng4 Nc5 28. e5 Bd8 29. Rad1 h5 30. Ne3 Bxa5 31. f5 Rxe5 32. fxg6 f6 33. Nf5+ Rxf5 34. Rxf5 1-0

[Event "Petah Tikva-B"]
[Site "Petah Tikva"]
[Date "2010.12.11"]
[Round "7"]
[White "Arlinsky, Uriel"]
[Black "Nakar, Eylon"]
[Result "0-1"]
[WhiteElo "2283"]
[BlackElo "2312"]
[PlyCount "110"]
[EventDate "2010.12.02"]
[EventType "tourn"]
[EventRounds "9"]
[EventCountry "ISR"]
[EventCategory "3"]
[SourceTitle "CBM 140 Extra"]
[Source "ChessBase"]
[SourceDate "2011.03.01"]
[SourceVersion "1"]
[SourceVersionDate "2011.03.01"]
[SourceQuality "1"]

1. d4 Nf6 2. c4 g6 3. f3 Bg7 4. e4 d6 5. Nc3 0-0 6. Bg5 c5 7. d5 e6 8. Qd2 exd5 9. cxd5 a6 10. a4 Re8 11. Nge2 Nbd7 12. Ng3 Qa5 13. Be2 h5 14. 0-0 Nh7 15. Be3 h4 16. Nh1 f5 17. Nf2 Ne5 18. f4 Nf7 19. Bd3 Nf6 20. exf5 Bxf5 21. Rfe1 Nh6 22. h3 Re7 23. Re2 Rae8 24. Rae1 Kf8 25. Kh2 Qb4 26. Qc1 Bxd3 27. Nxd3 Qc4 28. Qd2 Nf5 29. Bf2 Rxe2 30. Rxe2 Rxe2 31. Qxe2 Nxd5 32. Nxd5 Qxd5 33. Ne1 Bf6 34. Qg4 Kf7 35. Nf3 Qb3 36. Bxh4 Qxb2 37. Bxf6 Qxf6 38. Ng5+ Ke8 39. Qf3 Nd4 40. Qe4+ Kd8 41. g3 Kc7 42. h4 Nf5 43. Kh3 Qc3 44. Nf3 Qc1 45. Kg4 Qb2 46. Kg5 Qg7 47. Kg4 Nh6+ 48. Kg5 Nf7+ 49. Kg4 Qf6 50. Ng5 Nh6+ 51. Kf3 Qc3+ 52. Kg2 Nf5 53. Nf3 Qb2+ 54. Kg1 Qc1+ 55. Kf2 Qf1+ 0-1

[Event "Petah Tikva-B"]
[Site "Petah Tikva"]
[Date "2010.12.05"]
[Round "2"]
[White "Efroimski, Marsel"]
[Black "Arlinsky, Uriel"]
[Result "0-1"]
[WhiteElo "2244"]
[BlackElo "2283"]
[PlyCount "92"]
[EventDate "2010.12.02"]
[EventType "tourn"]
[EventRounds "9"]
[EventCountry "ISR"]
[EventCategory "3"]
[SourceTitle "CBM 140 Extra"]
[Source "ChessBase"]
[SourceDate "2011.03.01"]
[SourceVersion "1"]
[SourceVersionDate "2011.03.01"]
[SourceQuality "1"]

1. e4 e5 2. Nf3 Nc6 3. Bc4 Bc5 4. 0-0 Nf6 5. d4 Bxd4 6. Nxd4 Nxd4 7. f4 d6 8. fxe5 dxe5 9. Bg5 Qe7 10. Na3 Be6 11. c3 Bxc4 12. Bxf6 gxf6 13. Nxc4 Ne6 14. b4 Rg8 15. Kh1 Nf4 16. g3 Qe6 17. Nxe5 fxe5 18. gxf4 Qh3 19. Qf3 Qxf3+ 20. Rxf3 exf4 21. Rxf4 Rd8 22. Rh4 Rg7 23. Rg1 Kf8 24. Rxg7 Kxg7 25. Rg4+ Kf6 26. Rf4+ Ke6 27. Rh4 Rd3 28. Rxh7 Rxc3 29. Rh8 Rc4 30. a3 Rxe4 31. Ra8 b6 32. Rxa7 Kd6 33. Kg2 f5 34. b5 Rc4 35. Kg3 Ke5 36. Ra8 Rc3+ 37. Kh4 Rc2 38. Re8+ Kf4 39. h3 Rc4 40. Re1 Kf3+ 41. Kg5 f4 42. h4 Rc5+ 43. Kg6 Kg4 44. Rh1 f3 45. h5 Rg5+ 46. Kh6 f2 0-1

[Event "Kefar Sava schev"]
[Site "Kefar Sava"]
[Date "2010.06.28"]
[Round "7"]
[White "Steinberg, Nitzan"]
[Black "Arlinsky, Uriel"]
[Result "1-0"]
[WhiteElo "2221"]
[BlackElo "2293"]
[PlyCount "57"]
[EventDate "2010.06.20"]
[EventType "schev"]
[EventRounds "10"]
[EventCountry "ISR"]
[SourceTitle "CBM 137 Extra"]
[Source "ChessBase"]
[SourceDate "2010.09.01"]
[SourceVersion "1"]
[SourceVersionDate "2010.09.01"]
[SourceQuality "1"]

1. e4 c5 2. Nf3 a6 3. d4 cxd4 4. Nxd4 Nf6 5. Bd3 e5 6. Nb3 d5 7. exd5 e4 8. Be2 Qxd5 9. 0-0 Be7 10. Be3 Nc6 11. Nc3 Qe5 12. Qd2 0-0 13. Bf4 Qf5 14. f3 Bb4 15. Rae1 Be6 16. Qc1 Qg6 17. fxe4 Bxc3 18. bxc3 Nxe4 19. Bd3 f5 20. Re3 Rae8 21. Nd4 Nxd4 22. cxd4 b5 23. Be5 Qh6 24. Qe1 Bc4 25. Bxc4+ bxc4 26. Rh3 Qb6 27. Kh1 c3 28. Qe2 Qb5 29. Qe1 1-0